000 00342nam a2200133Ia 4500
008 240624s9999 xx 000 0 und d
041 _aeng
082 _a658.315 WON
100 _aWONG WILSON
245 _aHUMAN CAPITAL MANAGEMENT STANDARDS A COM
260 _c2019
_aLondon
_bKogan Page
300 _axx, 324 p.; 23 cm.
365 _cBPS
_b33
999 _c32285
_d32285